| 000 | 00485nam a22001817a 4500 | ||
|---|---|---|---|
| 005 | 20230128131505.0 | ||
| 008 | 221220b |||||||| |||| 00| 0 eng d | ||
| 020 | _a970-0-3672-0084-8 | ||
| 041 | _aeng | ||
| 082 | _a613.7 TAV-S | ||
| 100 |
_aTAVLOR , KEVIN ., NETTLETON , SARAH ., HARDING AND GEOFFREY _97457 |
||
| 245 | _aSOCIOLOGY FOR PHARMACISTS | ||
| 250 | _a2nd ed. | ||
| 260 |
_bCRS PRESS _c2023 |
||
| 300 | _a190;P. | ||
| 650 |
_aPHARMACY _xD.PHARMA _97090 |
||
| 942 | _cBK | ||
| 999 |
_c8155 _d8153 |
||